| 000 | 00941nam a2200229 a 4500 | ||
|---|---|---|---|
| 001 | 21677 | ||
| 003 | CO-ViMGA | ||
| 008 | 141112s2004 ck r 000 u spa d | ||
| 020 | _a9583504629 | ||
| 040 |
_aCO-ViMGA _bspa _cCO-ViMGA |
||
| 082 | 0 | 4 | _a343.2 R393i |
| 100 | 1 |
_aReyes Echandía, Alfonso _930945 |
|
| 245 | 1 | 0 | _aImputabilidad |
| 260 |
_aBogotá : _bTemis, _c2004 |
||
| 300 | _a235 | ||
| 505 | _aImputación, Imputabilidad y responsabilidad 6 - - El concepto de la semi - imputabilidad 29 - - Los inimputables 42 - - La imputabilidad en la legislación penal colombiana 75 - - Peritación psiquiátrica e inimputabilidad 219 | ||
| 590 | _aForma de adquisición : Donación fact. 8855 - - Precio : 33000 - - Proveedor : Fundación exito - - Fecha de adquisición : Junio 2007 | ||
| 650 | 1 | 4 |
_aDERECHO PENAL - LEGISLACION - COLOMBIA _922031 |
| 650 | 1 | 4 |
_aIMPUTABILIDAD _930946 |
| 650 | 1 | 4 |
_aIMPUTABILIDAD _930946 |
| 942 |
_2ddc _cBK |
||
| 999 |
_c30241 _d30241 |
||